LIBRARY & INFORMATION CENTRE, KCAET, TAVANUR

ONLINE PUBLIC ACCESS CATALOGUE (OPAC)

Annual review of energy / (Record no. 2050)

MARC details
000 -LEADER
fixed length control field 00485cam a2200193ua 4500
003 - CONTROL NUMBER IDENTIFIER
control field OSt
008 - FIXED-LENGTH DATA ELEMENTS--GENERAL INFORMATION
fixed length control field 241101b |||||||| |||| 00| 0 eng d
020 ## - INTERNATIONAL STANDARD BOOK NUMBER
ISBN 0-8243-2306-8
041 ## - LANGUAGE CODE
Language code of text/sound track or separate title eng
082 ## - DEWEY DECIMAL CLASSIFICATION NUMBER
Classification number 621.47
Item number HOL/AN
100 ## - MAIN ENTRY--AUTHOR NAME
Personal name Hollander, Jack M .
245 ## - TITLE STATEMENT
Title Annual review of energy /
250 ## - EDITION STATEMENT
Edition statement 1 /
260 ## - PUBLICATION, DISTRIBUTION, ETC. (IMPRINT)
Place of publication :
Name of publisher Annual reviews inc ,
Year of publication 1981.
300 ## - PHYSICAL DESCRIPTION
Number of Pages 551 ; .
700 1# - ADDED ENTRY--PERSONAL NAME
Personal name Simmons, Melvin K .
700 1# - ADDED ENTRY--PERSONAL NAME
Personal name Wood, David O .
942 ## - ADDED ENTRY ELEMENTS (KOHA)
Koha item type Books
Holdings
Withdrawn status Lost status Damaged status Home library Current library Shelving location Date acquired Full call number Accession Number Koha item type
      KAUAET KAUAET Shelf- 7A 07/04/2012 621.47 HOL/AN 14719 Books
free website counter